Vaḷarum neñcam. (Record no. 58670)
[ view plain ]
| 000 -LEADER | |
|---|---|
| fixed length control field | 00408cam a22001811 4500 |
| 001 - CONTROL NUMBER | |
| control field | sa 64004658 |
| 003 - CONTROL NUMBER IDENTIFIER | |
| control field | DLC |
| 005 - DATE AND TIME OF LATEST TRANSACTION | |
| control field | 20260227112027.0 |
| 008 - FIXED-LENGTH DATA ELEMENTS--GENERAL INFORMATION | |
| fixed length control field | 070515s1963 xx 000 0 tamo |
| 010 ## - LIBRARY OF CONGRESS CONTROL NUMBER | |
| LC control number | sa 64004658 |
| 040 ## - CATALOGING SOURCE | |
| Original cataloging agency | DLC |
| Transcribing agency | DLC |
| Modifying agency | DLC |
| 050 00 - LIBRARY OF CONGRESS CALL NUMBER | |
| Classification number | PZ90.T3 |
| Item number | V3 |
| 100 0# - MAIN ENTRY--PERSONAL NAME | |
| Personal name | Vācavan̲. |
| 245 10 - TITLE STATEMENT | |
| Title | Vaḷarum neñcam. |
| 260 ## - PUBLICATION, DISTRIBUTION, ETC. | |
| Place of publication, distribution, etc. | [1963] |
| 300 ## - PHYSICAL DESCRIPTION | |
| Extent | 111 p. |
| Dimensions | 19 cm. |
| 500 ## - GENERAL NOTE | |
| General note | In Tamil. |
No items available.